[Event "World Chess Olympiad 2018"]
[Site "Batumi"]
[Date "2018.09.27"]
[Round "4"]
[Board "2"]
[WhiteFideId "13300881"]
[White "Sargissian Gabriel"]
[BlackFideId "4202694"]
[Black "Mastrovasilis Dimitrios"]
[Result "1/2-1/2"]
[LiveChessVersion "1.4.8"]
[BlackElo "2594"]
[WhiteElo "2691"]

1. Nf3 {[%clk 1:30:57]} d5 {[%clk 1:30:45]} 2. c4 {[%clk 1:30:58]} e6
{[%clk 1:31:02]} 3. b3 {[%clk 1:27:40]} d4 {[%clk 1:26:43]} 4. g3
{[%clk 1:27:29]} c5 {[%clk 1:26:11]} 5. e3 {[%clk 1:26:14]} Nc6 {[%clk 1:25:54]}
6. exd4 {[%clk 1:25:48]} cxd4 {[%clk 1:24:23]} 7. Bg2 {[%clk 1:26:03]} Nf6
{[%clk 1:24:04]} 8. O-O {[%clk 1:26:25]} Bd6 {[%clk 1:22:36]} 9. d3
{[%clk 1:26:36]} O-O {[%clk 1:22:33]} 10. Re1 {[%clk 1:24:15]} Re8
{[%clk 1:20:02]} 11. a3 {[%clk 1:19:15]} a5 {[%clk 1:18:56]} 12. Qc2
{[%clk 1:12:02]} e5 {[%clk 1:14:37]} 13. Bg5 {[%clk 1:10:52]} h6 {[%clk 1:11:11]}
14. Bxf6 {[%clk 1:11:14]} Qxf6 {[%clk 1:11:33]} 15. Nbd2 {[%clk 1:06:21]} Bf8
{[%clk 0:56:35]} 16. c5 {[%clk 0:59:40]} Qe7 {[%clk 0:39:43]} 17. Rac1
{[%clk 0:54:45]} Qc7 {[%clk 0:36:10]} 18. Nc4 {[%clk 0:41:41]} Bxc5
{[%clk 0:29:09]} 19. Nfxe5 {[%clk 0:40:05]} Nxe5 {[%clk 0:29:11]} 20. f4
{[%clk 0:35:44]} Nf3+ {[%clk 0:21:05]} 21. Bxf3 {[%clk 0:34:52]} Rxe1+
{[%clk 0:21:29]} 22. Rxe1 {[%clk 0:35:14]} Be6 {[%clk 0:21:54]} 23. Rxe6
{[%clk 0:31:55]} fxe6 {[%clk 0:22:14]} 24. Qe2 {[%clk 0:31:31]} Re8
{[%clk 0:16:42]} 25. a4 {[%clk 0:31:27]} b6 {[%clk 0:15:39]} 26. Qe4
{[%clk 0:29:48]} Qf7 {[%clk 0:10:40]} 27. Ne5 {[%clk 0:28:50]} Qf6
{[%clk 0:10:24]} 28. Qc6 {[%clk 0:19:20]} Rd8 {[%clk 0:09:56]} 29. Be4
{[%clk 0:16:01]} Bd6 {[%clk 0:08:13]} 30. Nc4 {[%clk 0:15:23]} Bc5
{[%clk 0:08:11]} 31. Ne5 {[%clk 0:11:49]} Bd6 {[%clk 0:08:25]} 32. Ng6
{[%clk 0:11:18]} Qf7 {[%clk 0:05:28]} 33. f5 {[%clk 0:07:13]} Qc7
{[%clk 0:05:00]} 34. Qxc7 {[%clk 0:05:21]} Bxc7 {[%clk 0:05:27]} 35. fxe6
{[%clk 0:05:38]} Re8 {[%clk 0:03:47]} 36. Bf5 {[%clk 0:05:16]} Bd6
{[%clk 0:03:29]} 37. Kg2 {[%clk 0:04:51]} Rf8 {[%clk 0:03:23]} 38. Be4
{[%clk 0:02:22]} Re8 {[%clk 0:02:52]} 39. Bf5 {[%clk 0:02:02]} Rf8
{[%clk 0:03:17]} 40. g4 {[%clk 0:30:44]} Rf6 {[%clk 0:32:39]} 41. Kf3
{[%clk 0:23:30]} Rxg6 {[%clk 0:30:08]} 42. Bxg6 {[%clk 0:23:17]} Kf8
{[%clk 0:30:27]} 43. Ke4 {[%clk 0:23:33]} Ke7 {[%clk 0:25:53]} 44. Bf7
{[%clk 0:23:44]} Bxh2 {[%clk 0:17:31]} 45. Kxd4 {[%clk 0:23:47]} Kd6
{[%clk 0:16:31]} 46. Ke4 {[%clk 0:24:08]} Bg1 {[%clk 0:15:27]} 47. d4
{[%clk 0:24:29]} Bf2 {[%clk 0:15:16]} 48. Kd3 {[%clk 0:24:18]} Bg1
{[%clk 0:14:34]} 49. Kc4 {[%clk 0:24:26]} Be3 {[%clk 0:11:51]} 50. b4
{[%clk 0:22:35]} Bd2 {[%clk 0:11:28]} 51. bxa5 {[%clk 0:21:31]} bxa5
{[%clk 0:11:47]} 52. Kb5 {[%clk 0:21:34]} Bc3 {[%clk 0:11:26]} 53. d5
{[%clk 0:21:53]} Bb4 {[%clk 0:11:19]} 54. Kc4 {[%clk 0:21:18]} Ke7
{[%clk 0:11:23]} 55. Bg6 {[%clk 0:21:40]} Kd6 {[%clk 0:11:31]} 56. Bc2
{[%clk 0:21:10]} Ke7 {[%clk 0:11:53]} 57. Kd4 {[%clk 0:20:08]} 1/2-1/2

[Event "World Chess Olympiad 2018"]
[Site "Batumi"]
[Date "2018.09.27"]
[Round "4"]
[Board "3"]
[WhiteFideId "4202139"]
[White "Nikolaidis Ioannis"]
[BlackFideId "13302485"]
[Black "Melkumyan Hrant"]
[Result "1/2-1/2"]
[LiveChessVersion "1.4.8"]
[BlackElo "2660"]
[WhiteElo "2544"]

1. e4 {[%clk 1:30:29]} e5 {[%clk 1:30:36]} 2. Nf3 {[%clk 1:30:38]} Nc6
{[%clk 1:30:51]} 3. Nc3 {[%clk 1:30:14]} Nf6 {[%clk 1:30:53]} 4. d4
{[%clk 1:29:57]} exd4 {[%clk 1:31:13]} 5. Nxd4 {[%clk 1:30:23]} Bb4
{[%clk 1:31:04]} 6. Nxc6 {[%clk 1:30:41]} bxc6 {[%clk 1:31:27]} 7. Bd3
{[%clk 1:31:00]} d5 {[%clk 1:31:20]} 8. exd5 {[%clk 1:31:05]} O-O
{[%clk 1:31:42]} 9. O-O {[%clk 1:30:58]} Bg4 {[%clk 1:32:05]} 10. f3
{[%clk 1:29:36]} Bh5 {[%clk 1:31:48]} 11. dxc6 {[%clk 1:27:32]} Qd4+
{[%clk 1:31:51]} 12. Kh1 {[%clk 1:27:32]} Bxc3 {[%clk 1:32:14]} 13. bxc3
{[%clk 1:27:50]} Qxc3 {[%clk 1:32:33]} 14. Bf4 {[%clk 1:24:25]} Qxc6
{[%clk 1:29:53]} 15. Qe2 {[%clk 1:17:28]} Nd5 {[%clk 1:18:27]} 16. Bg3
{[%clk 1:11:49]} Rae8 {[%clk 1:06:34]} 17. Bb5 {[%clk 0:53:33]} Rxe2
{[%clk 1:03:36]} 18. Bxc6 {[%clk 0:53:55]} Nb4 {[%clk 0:59:09]} 19. Ba4
{[%clk 0:44:56]} Nxc2 {[%clk 0:55:30]} 20. Bxc2 {[%clk 0:40:43]} Rxc2
{[%clk 0:54:13]} 21. Rfc1 {[%clk 0:41:05]} Bg6 {[%clk 0:27:48]} 22. Rxc2
{[%clk 0:33:34]} Bxc2 {[%clk 0:28:10]} 23. Bxc7 {[%clk 0:33:41]} h6
{[%clk 0:27:43]} 24. h3 {[%clk 0:30:57]} Re8 {[%clk 0:26:48]} 25. Ba5
{[%clk 0:30:53]} Re5 {[%clk 0:26:08]} 26. Bc3 {[%clk 0:30:56]} Rd5
{[%clk 0:24:16]} 27. Rc1 {[%clk 0:30:00]} Bf5 {[%clk 0:24:30]} 28. Kg1
{[%clk 0:29:42]} a6 {[%clk 0:21:45]} 29. a3 {[%clk 0:29:45]} Rc5 {[%clk 0:19:41]}
30. Bd2 {[%clk 0:29:27]} Rxc1+ {[%clk 0:19:52]} 31. Bxc1 {[%clk 0:29:54]} a5
{[%clk 0:20:10]} 32. g4 {[%clk 0:30:18]} Be6 {[%clk 0:20:35]} 1/2-1/2

[Event "World Chess Olympiad 2018"]
[Site "Batumi"]
[Date "2018.09.27"]
[Round "4"]
[Board "4"]
[WhiteFideId "13306553"]
[White "Martirosyan Haik M."]
[BlackFideId "4212312"]
[Black "Pavlidis Antonios"]
[Result "1-0"]
[LiveChessVersion "1.4.8"]
[BlackElo "2552"]
[WhiteElo "2597"]

1. d4 {[%clk 1:30:57]} Nf6 {[%clk 1:30:47]} 2. c4 {[%clk 1:31:16]} e6
{[%clk 1:31:04]} 3. Nf3 {[%clk 1:31:35]} b6 {[%clk 1:31:30]} 4. g3
{[%clk 1:31:56]} Bb7 {[%clk 1:31:56]} 5. Bg2 {[%clk 1:32:15]} Be7
{[%clk 1:32:20]} 6. O-O {[%clk 1:32:27]} O-O {[%clk 1:32:43]} 7. Nc3
{[%clk 1:32:41]} Ne4 {[%clk 1:33:01]} 8. Bd2 {[%clk 1:32:48]} c5 {[%clk 1:32:47]}
9. d5 {[%clk 1:30:38]} exd5 {[%clk 1:33:08]} 10. cxd5 {[%clk 1:25:25]} Nxd2
{[%clk 1:33:25]} 11. Nxd2 {[%clk 1:24:44]} d6 {[%clk 1:33:50]} 12. Nc4
{[%clk 1:18:24]} Nd7 {[%clk 1:12:37]} 13. a4 {[%clk 1:17:15]} a6 {[%clk 1:06:12]}
14. e4 {[%clk 1:13:24]} b5 {[%clk 0:38:17]} 15. axb5 {[%clk 1:09:54]} axb5
{[%clk 0:38:41]} 16. Rxa8 {[%clk 0:58:12]} Qxa8 {[%clk 0:39:06]} 17. Nxb5
{[%clk 0:58:34]} Ba6 {[%clk 0:39:33]} 18. Qa4 {[%clk 0:49:21]} Bxb5
{[%clk 0:38:51]} 19. Qxb5 {[%clk 0:48:45]} Ne5 {[%clk 0:38:40]} 20. Nxe5
{[%clk 0:45:56]} dxe5 {[%clk 0:39:06]} 21. Qd7 {[%clk 0:45:13]} Qd8
{[%clk 0:36:57]} 22. Qb7 {[%clk 0:41:29]} Bd6 {[%clk 0:35:10]} 23. Ra1
{[%clk 0:34:31]} Qb8 {[%clk 0:34:57]} 24. Ra7 {[%clk 0:30:24]} Qxb7
{[%clk 0:22:42]} 25. Rxb7 {[%clk 0:30:14]} Rd8 {[%clk 0:23:09]} 26. Bf1
{[%clk 0:29:02]} Kf8 {[%clk 0:22:49]} 27. Bc4 {[%clk 0:28:20]} Rb8
{[%clk 0:23:15]} 28. Rd7 {[%clk 0:28:17]} Rb6 {[%clk 0:23:42]} 29. b3
{[%clk 0:28:23]} Ke8 {[%clk 0:23:46]} 30. Ra7 {[%clk 0:28:35]} Bb8
{[%clk 0:23:40]} 31. Ra5 {[%clk 0:26:40]} Bd6 {[%clk 0:24:06]} 32. Kg2
{[%clk 0:26:23]} Kd8 {[%clk 0:21:38]} 33. Ra7 {[%clk 0:25:04]} Ke8
{[%clk 0:21:51]} 34. Kf3 {[%clk 0:24:45]} h6 {[%clk 0:21:21]} 35. Kg4
{[%clk 0:23:15]} Bb8 {[%clk 0:19:42]} 36. Ra5 {[%clk 0:23:29]} Bd6
{[%clk 0:20:08]} 37. f4 {[%clk 0:22:47]} h5+ {[%clk 0:17:03]} 38. Kf3
{[%clk 0:21:36]} h4 {[%clk 0:15:27]} 39. Ra8+ {[%clk 0:18:24]} Ke7
{[%clk 0:04:17]} 40. Ra7+ {[%clk 0:47:40]} Ke8 {[%clk 0:33:01]} 41. f5
{[%clk 0:37:13]} hxg3 {[%clk 0:32:08]} 42. hxg3 {[%clk 0:37:40]} Bb8
{[%clk 0:30:40]} 43. Ra5 {[%clk 0:37:25]} Bd6 {[%clk 0:31:05]} 44. Ra8+
{[%clk 0:33:05]} Ke7 {[%clk 0:23:29]} 45. Ra7+ {[%clk 0:33:14]} Ke8
{[%clk 0:23:54]} 46. g4 {[%clk 0:29:22]} g5 {[%clk 0:18:10]} 47. Ke2
{[%clk 0:20:20]} f6 {[%clk 0:15:27]} 48. Kd3 {[%clk 0:20:35]} Kd8
{[%clk 0:15:42]} 49. Ra5 {[%clk 0:17:47]} Rb8 {[%clk 0:14:16]} 50. Kc3
{[%clk 0:16:57]} Rb7 {[%clk 0:12:02]} 51. Ra2 {[%clk 0:16:01]} Kc7
{[%clk 0:10:24]} 52. Rh2 {[%clk 0:15:24]} Be7 {[%clk 0:10:34]} 53. Rh7
{[%clk 0:15:17]} Kd6 {[%clk 0:10:29]} 54. Rh8 {[%clk 0:15:38]} Kc7
{[%clk 0:09:36]} 55. Re8 {[%clk 0:15:36]} Kd7 {[%clk 0:06:49]} 56. Ra8
{[%clk 0:16:04]} Bd6 {[%clk 0:06:04]} 57. Ra5 {[%clk 0:13:21]} Kd8
{[%clk 0:06:29]} 58. Kb2 {[%clk 0:13:17]} Rb8 {[%clk 0:06:42]} 59. Ra7
{[%clk 0:13:14]} Rb6 {[%clk 0:06:50]} 60. Rh7 {[%clk 0:11:36]} Be7
{[%clk 0:06:57]} 61. Ka3 {[%clk 0:11:28]} Rb4 {[%clk 0:06:28]} 62. Rh8+
{[%clk 0:11:28]} Kc7 {[%clk 0:06:38]} 63. Re8 {[%clk 0:11:04]} Kd7
{[%clk 0:07:05]} 64. Ra8 {[%clk 0:11:25]} Bd6 {[%clk 0:06:28]} 65. Kb2
{[%clk 0:10:39]} Rb8 {[%clk 0:05:07]} 66. Ra7+ {[%clk 0:10:51]} Bc7
{[%clk 0:05:32]} 67. Kc3 {[%clk 0:10:47]} Kd6 {[%clk 0:05:56]} 68. Ra2
{[%clk 0:11:05]} Rb7 {[%clk 0:05:43]} 69. Rh2 {[%clk 0:11:20]} Bd8
{[%clk 0:04:33]} 70. Rh8 {[%clk 0:11:44]} Be7 {[%clk 0:04:43]} 71. Ra8
{[%clk 0:10:57]} Kc7 {[%clk 0:03:33]} 72. Ba6 {[%clk 0:11:05]} Rb6
{[%clk 0:02:46]} 73. Ra7+ {[%clk 0:11:05]} Kd8 {[%clk 0:03:11]} 74. Bb7
{[%clk 0:08:53]} c4 {[%clk 0:03:36]} 75. bxc4 {[%clk 0:07:56]} Bc5
{[%clk 0:03:44]} 76. Ra8+ {[%clk 0:07:57]} Ke7 {[%clk 0:03:42]} 77. Bc6
{[%clk 0:07:44]} Bd4+ {[%clk 0:04:10]} 78. Kc2 {[%clk 0:07:58]} Rb2+
{[%clk 0:03:45]} 79. Kc1 {[%clk 0:08:27]} Kd6 {[%clk 0:03:03]} 80. Bb5
{[%clk 0:07:55]} Rg2 {[%clk 0:02:22]} 81. Rc8 {[%clk 0:06:30]} Rxg4
{[%clk 0:01:02]} 82. c5+ {[%clk 0:05:55]} Bxc5 {[%clk 0:01:30]} 83. Rc6+
{[%clk 0:06:20]} Ke7 {[%clk 0:01:57]} 84. Rc7+ {[%clk 0:06:46]} Kd8
{[%clk 0:02:05]} 85. Rxc5 {[%clk 0:07:10]} Rxe4 {[%clk 0:02:27]} 86. d6
{[%clk 0:07:23]} 1-0

[Event "World Chess Olympiad 2018"]
[Site "Batumi"]
[Date "2018.09.27"]
[Round "4"]
[Board "3"]
[WhiteFideId "110973"]
[White "Pichot Alan"]
[BlackFideId "14109182"]
[Black "Kryvoruchko Yuriy"]
[Result "1/2-1/2"]
[LiveChessVersion "1.4.8"]
[BlackElo "2695"]
[WhiteElo "2562"]

1. e4 {[%clk 1:30:54]} e5 {[%clk 1:30:55]} 2. Nf3 {[%clk 1:31:13]} Nc6
{[%clk 1:31:21]} 3. Bb5 {[%clk 1:31:27]} Nf6 {[%clk 1:31:37]} 4. d3
{[%clk 1:31:27]} Bc5 {[%clk 1:32:00]} 5. c3 {[%clk 1:31:31]} d5 {[%clk 1:32:06]}
6. exd5 {[%clk 1:29:46]} Qxd5 {[%clk 1:32:31]} 7. Bc4 {[%clk 1:29:50]} Qd6
{[%clk 1:32:56]} 8. b4 {[%clk 1:29:32]} Bb6 {[%clk 1:33:18]} 9. a4
{[%clk 1:29:50]} O-O {[%clk 1:33:18]} 10. O-O {[%clk 1:20:47]} e4
{[%clk 1:29:29]} 11. dxe4 {[%clk 1:20:35]} Qxd1 {[%clk 1:18:49]} 12. Rxd1
{[%clk 1:20:47]} Nxe4 {[%clk 1:19:04]} 13. Rf1 {[%clk 1:21:09]} Nd6
{[%clk 1:13:29]} 14. Nbd2 {[%clk 1:11:37]} Nxc4 {[%clk 1:04:45]} 15. Nxc4
{[%clk 1:11:56]} Be6 {[%clk 1:05:12]} 16. Nxb6 {[%clk 1:08:47]} cxb6
{[%clk 1:03:09]} 17. Be3 {[%clk 1:04:07]} Rfd8 {[%clk 1:01:17]} 18. Nd4
{[%clk 1:00:38]} Nxd4 {[%clk 1:00:36]} 19. Bxd4 {[%clk 1:01:00]} f6
{[%clk 1:01:00]} 20. a5 {[%clk 0:59:56]} bxa5 {[%clk 1:01:00]} 21. Rxa5
{[%clk 0:59:33]} a6 {[%clk 1:01:21]} 22. Re1 {[%clk 0:59:41]} Kf7
{[%clk 1:01:43]} 23. f3 {[%clk 0:59:27]} Rac8 {[%clk 1:00:49]} 24. Kf2
{[%clk 0:59:15]} Re8 {[%clk 1:00:13]} 25. Rc5 {[%clk 0:56:50]} Rxc5
{[%clk 1:00:37]} 26. Bxc5 {[%clk 0:57:14]} Bd7 {[%clk 1:01:00]} 27. Rxe8
{[%clk 0:57:34]} Bxe8 {[%clk 1:01:26]} 28. Ke3 {[%clk 0:57:57]} Bb5
{[%clk 1:01:52]} 29. g3 {[%clk 0:58:21]} Ke6 {[%clk 1:02:19]} 30. Kd4
{[%clk 0:58:40]} Bc6 {[%clk 1:02:45]} 1/2-1/2

[Event "World Chess Olympiad 2018"]
[Site "Batumi"]
[Date "2018.09.27"]
[Round "4"]
[Board "4"]
[WhiteFideId "14105730"]
[White "Korobov Anton"]
[BlackFideId "117927"]
[Black "Perez Ponsa Federico"]
[Result "1-0"]
[LiveChessVersion "1.4.8"]
[BlackElo "2548"]
[WhiteElo "2685"]

1. d4 {[%clk 1:30:56]} Nf6 {[%clk 1:30:54]} 2. c4 {[%clk 1:31:18]} e6
{[%clk 1:31:17]} 3. Nf3 {[%clk 1:31:38]} d5 {[%clk 1:31:35]} 4. Nc3
{[%clk 1:31:56]} dxc4 {[%clk 1:31:57]} 5. e4 {[%clk 1:32:18]} b5 {[%clk 1:31:42]}
6. e5 {[%clk 1:31:13]} Nd5 {[%clk 1:32:07]} 7. Nxb5 {[%clk 1:31:26]} Nb6
{[%clk 1:32:27]} 8. Be2 {[%clk 1:30:58]} Nc6 {[%clk 1:32:30]} 9. h4
{[%clk 1:30:55]} h6 {[%clk 1:28:14]} 10. Nc3 {[%clk 1:21:38]} Bb7
{[%clk 1:25:50]} 11. h5 {[%clk 1:14:55]} Nb4 {[%clk 1:15:35]} 12. O-O
{[%clk 1:05:32]} Be7 {[%clk 1:07:44]} 13. a3 {[%clk 1:02:28]} N4d5
{[%clk 0:52:42]} 14. Ne4 {[%clk 1:00:59]} O-O {[%clk 0:45:52]} 15. Qc2
{[%clk 0:56:32]} Qe8 {[%clk 0:39:04]} 16. Nc5 {[%clk 0:54:33]} Bc6
{[%clk 0:38:27]} 17. Bd2 {[%clk 0:54:07]} Rb8 {[%clk 0:37:55]} 18. Rab1
{[%clk 0:52:00]} Bb5 {[%clk 0:34:22]} 19. Qe4 {[%clk 0:43:19]} Qc6
{[%clk 0:28:38]} 20. Bd1 {[%clk 0:39:51]} f5 {[%clk 0:18:48]} 21. exf6
{[%clk 0:39:37]} Nxf6 {[%clk 0:19:11]} 22. Qxe6+ {[%clk 0:36:42]} Qxe6
{[%clk 0:18:41]} 23. Nxe6 {[%clk 0:37:09]} Rfc8 {[%clk 0:16:56]} 24. Re1
{[%clk 0:36:07]} Nbd5 {[%clk 0:16:37]} 25. Ne5 {[%clk 0:34:13]} Bd6
{[%clk 0:15:00]} 26. Bf3 {[%clk 0:31:08]} Re8 {[%clk 0:12:51]} 27. Nc5
{[%clk 0:30:40]} Red8 {[%clk 0:07:58]} 28. g4 {[%clk 0:27:58]} Re8
{[%clk 0:03:50]} 29. Kg2 {[%clk 0:24:45]} Bf8 {[%clk 0:02:57]} 30. g5
{[%clk 0:20:17]} hxg5 {[%clk 0:02:52]} 31. Bxg5 {[%clk 0:20:44]} Kh7
{[%clk 0:01:56]} 32. Rbd1 {[%clk 0:19:39]} Rbd8 {[%clk 0:00:36]} 33. a4
{[%clk 0:18:24]} Bxc5 {[%clk 0:00:49]} 34. axb5 {[%clk 0:18:52]} Bb4
{[%clk 0:00:47]} 35. Rh1 {[%clk 0:18:28]} c3 {[%clk 0:00:38]} 36. bxc3
{[%clk 0:16:05]} Nxc3 {[%clk 0:00:44]} 37. Rc1 {[%clk 0:15:05]} Rxd4 38. Nc6
{[%clk 0:15:15]} Bc5 {[%clk 0:00:32]} 39. Rxc3 {[%clk 0:15:23]} 1-0

[Event "World Chess Olympiad 2018"]
[Site "Batumi"]
[Date "2018.09.27"]
[Round "4"]
[Board "1"]
[WhiteFideId "1170546"]
[White "Duda Jan-Krzysztof"]
[BlackFideId "14109603"]
[Black "Karjakin Sergey"]
[Result "1/2-1/2"]
[LiveChessVersion "1.4.8"]
[BlackElo "2760"]
[WhiteElo "2739"]

1. d4 {[%clk 1:30:57]} Nf6 {[%clk 1:30:54]} 2. c4 {[%clk 1:31:22]} e6
{[%clk 1:31:20]} 3. Nc3 {[%clk 1:31:45]} Bb4 {[%clk 1:31:44]} 4. Qc2
{[%clk 1:32:09]} d5 {[%clk 1:31:57]} 5. cxd5 {[%clk 1:32:33]} exd5
{[%clk 1:31:47]} 6. Bg5 {[%clk 1:32:56]} h6 {[%clk 1:31:52]} 7. Bh4
{[%clk 1:33:20]} c5 {[%clk 1:31:28]} 8. dxc5 {[%clk 1:33:41]} g5 {[%clk 1:31:31]}
9. Bg3 {[%clk 1:34:05]} Ne4 {[%clk 1:31:58]} 10. e3 {[%clk 1:34:26]} Qa5
{[%clk 1:27:30]} 11. Nge2 {[%clk 1:28:04]} Bf5 {[%clk 1:12:49]} 12. Bxb8
{[%clk 1:24:08]} Rxb8 {[%clk 1:10:17]} 13. Nd4 {[%clk 1:24:23]} Bd7
{[%clk 1:04:09]} 14. Nb3 {[%clk 1:23:21]} Bxc3+ {[%clk 1:04:03]} 15. bxc3
{[%clk 1:23:44]} Qxc3+ {[%clk 1:04:29]} 16. Qxc3 {[%clk 1:24:07]} Nxc3
{[%clk 1:04:56]} 17. Bd3 {[%clk 1:23:52]} Ke7 {[%clk 1:04:44]} 18. Kd2
{[%clk 1:23:24]} Na4 {[%clk 1:04:10]} 19. Rhc1 {[%clk 1:23:21]} Rhc8
{[%clk 1:02:30]} 20. Rc2 {[%clk 1:23:40]} Rc7 {[%clk 1:01:32]} 21. Rac1
{[%clk 1:24:03]} Rbc8 {[%clk 1:01:51]} 22. f3 {[%clk 1:20:55]} h5
{[%clk 1:00:44]} 23. Na5 {[%clk 1:18:13]} Nxc5 {[%clk 0:56:43]} 24. Nxb7
{[%clk 1:17:52]} Rxb7 {[%clk 0:57:09]} 25. Rxc5 {[%clk 1:18:14]} Rxc5
{[%clk 0:57:30]} 26. Rxc5 {[%clk 1:18:39]} Rb2+ {[%clk 0:57:57]} 27. Rc2
{[%clk 1:19:02]} Rxc2+ {[%clk 0:58:24]} 28. Bxc2 {[%clk 1:18:49]} Kd6
{[%clk 0:58:47]} 29. Kc3 {[%clk 1:19:12]} Kc5 {[%clk 0:59:10]} 30. g3
{[%clk 1:19:34]} h4 {[%clk 0:59:14]} 31. gxh4 {[%clk 1:19:50]} gxh4
{[%clk 0:59:40]} 32. a3 {[%clk 1:20:09]} a5 {[%clk 1:00:01]} 33. f4
{[%clk 1:20:34]} f6 {[%clk 1:00:24]} 34. Bd3 {[%clk 1:20:59]} Bg4
{[%clk 1:00:37]} 35. Bc2 {[%clk 1:21:24]} Bd7 {[%clk 1:01:02]} 36. Bd3
{[%clk 1:21:48]} Bg4 {[%clk 1:01:28]} 37. Bc2 {[%clk 1:22:15]} 1/2-1/2

[Event "World Chess Olympiad 2018"]
[Site "Batumi"]
[Date "2018.09.27"]
[Round "4"]
[Board "2"]
[WhiteFideId "4168119"]
[White "Nepomniachtchi Ian"]
[BlackFideId "1118358"]
[Black "Wojtaszek Radoslaw"]
[Result "1-0"]
[LiveChessVersion "1.4.8"]
[BlackElo "2727"]
[WhiteElo "2768"]

1. e4 {[%clk 1:30:48]} e5 {[%clk 1:30:56]} 2. Nf3 {[%clk 1:30:57]} Nc6
{[%clk 1:31:22]} 3. Bb5 {[%clk 1:31:19]} a6 {[%clk 1:31:47]} 4. Ba4
{[%clk 1:31:45]} Nf6 {[%clk 1:32:13]} 5. O-O {[%clk 1:32:10]} Be7
{[%clk 1:32:37]} 6. d3 {[%clk 1:32:28]} b5 {[%clk 1:33:01]} 7. Bb3
{[%clk 1:32:54]} d6 {[%clk 1:33:07]} 8. a3 {[%clk 1:33:06]} O-O {[%clk 1:33:29]}
9. Nc3 {[%clk 1:33:27]} Na5 {[%clk 1:33:54]} 10. Ba2 {[%clk 1:33:40]} Be6
{[%clk 1:34:17]} 11. b4 {[%clk 1:33:36]} Bxa2 {[%clk 1:34:37]} 12. Nxa2
{[%clk 1:33:59]} Nc6 {[%clk 1:35:00]} 13. c4 {[%clk 1:34:24]} Nd4
{[%clk 1:35:23]} 14. Nc3 {[%clk 1:34:36]} Nxf3+ {[%clk 1:35:34]} 15. Qxf3
{[%clk 1:34:58]} c6 {[%clk 1:35:58]} 16. Bd2 {[%clk 1:09:49]} Qc8
{[%clk 1:06:51]} 17. Rfb1 {[%clk 0:59:01]} Qe6 {[%clk 1:06:28]} 18. Qe2
{[%clk 0:59:26]} d5 {[%clk 1:03:38]} 19. cxd5 {[%clk 0:56:53]} cxd5
{[%clk 1:03:11]} 20. Bg5 {[%clk 0:57:20]} dxe4 {[%clk 0:52:34]} 21. dxe4
{[%clk 0:54:42]} Rfc8 {[%clk 0:45:14]} 22. Nd5 {[%clk 0:46:25]} Nxd5
{[%clk 0:42:58]} 23. exd5 {[%clk 0:46:49]} Qd6 {[%clk 0:43:21]} 24. Bxe7
{[%clk 0:47:17]} Qxe7 {[%clk 0:43:45]} 25. Re1 {[%clk 0:47:43]} f6
{[%clk 0:38:05]} 26. Rac1 {[%clk 0:47:43]} Qd6 {[%clk 0:38:25]} 27. Qe4
{[%clk 0:47:03]} Rxc1 {[%clk 0:35:29]} 28. Rxc1 {[%clk 0:47:29]} f5
{[%clk 0:35:54]} 29. Qxf5 {[%clk 0:46:06]} Qxd5 {[%clk 0:36:20]} 30. h3
{[%clk 0:46:22]} Rf8 {[%clk 0:29:02]} 31. Qc2 {[%clk 0:45:10]} h6
{[%clk 0:21:25]} 32. Rd1 {[%clk 0:44:34]} Qe6 {[%clk 0:21:42]} 33. Re1
{[%clk 0:43:21]} Rf4 {[%clk 0:19:33]} 34. Qc5 {[%clk 0:40:13]} e4
{[%clk 0:14:57]} 35. Qe3 {[%clk 0:40:18]} Qd6 {[%clk 0:11:21]} 36. g3
{[%clk 0:36:42]} Rf3 {[%clk 0:09:59]} 37. Qxe4 {[%clk 0:37:05]} Rxa3
{[%clk 0:08:40]} 38. Qa8+ {[%clk 0:36:55]} Kh7 {[%clk 0:09:06]} 39. Re8
{[%clk 0:37:05]} Qd3 {[%clk 0:01:55]} 40. Rh8+ {[%clk 1:06:33]} Kg6
{[%clk 0:32:20]} 41. Qe8+ {[%clk 1:06:40]} 1-0

[Event "World Chess Olympiad 2018"]
[Site "Batumi"]
[Date "2018.09.27"]
[Round "4"]
[Board "3"]
[WhiteFideId "1124668"]
[White "Tomczak Jacek"]
[BlackFideId "4101588"]
[Black "Kramnik Vladimir"]
[Result "1-0"]
[LiveChessVersion "1.4.8"]
[BlackElo "2779"]
[WhiteElo "2614"]

1. e4 {[%clk 1:30:57]} e5 {[%clk 1:30:53]} 2. Nf3 {[%clk 1:31:20]} Nc6
{[%clk 1:31:18]} 3. d4 {[%clk 1:31:44]} exd4 {[%clk 1:31:43]} 4. Nxd4
{[%clk 1:32:06]} Nf6 {[%clk 1:32:10]} 5. Nxc6 {[%clk 1:32:24]} bxc6
{[%clk 1:32:35]} 6. e5 {[%clk 1:32:48]} Qe7 {[%clk 1:33:02]} 7. Qe2
{[%clk 1:33:11]} Nd5 {[%clk 1:33:26]} 8. h4 {[%clk 1:33:34]} Qe6 {[%clk 1:33:47]}
9. g3 {[%clk 1:33:50]} Nb4 {[%clk 1:33:51]} 10. c4 {[%clk 1:24:08]} Ba6
{[%clk 1:33:08]} 11. Bf4 {[%clk 1:10:54]} d5 {[%clk 1:24:35]} 12. a3
{[%clk 0:57:58]} Bxc4 {[%clk 1:21:51]} 13. Qd1 {[%clk 0:33:28]} Bxf1
{[%clk 1:01:45]} 14. Kxf1 {[%clk 0:31:33]} Na6 {[%clk 1:00:34]} 15. Nc3
{[%clk 0:30:53]} Nc5 {[%clk 0:55:09]} 16. b4 {[%clk 0:27:12]} d4 {[%clk 0:53:15]}
17. bxc5 {[%clk 0:27:33]} dxc3 {[%clk 0:53:41]} 18. Qd4 {[%clk 0:21:25]} Rd8
{[%clk 0:40:54]} 19. Qxc3 {[%clk 0:21:18]} Qd5 {[%clk 0:39:53]} 20. Kg1
{[%clk 0:21:39]} Bxc5 {[%clk 0:39:05]} 21. Rc1 {[%clk 0:20:40]} Bb6
{[%clk 0:29:50]} 22. h5 {[%clk 0:19:11]} O-O {[%clk 0:26:35]} 23. h6
{[%clk 0:19:12]} Rfe8 {[%clk 0:15:15]} 24. hxg7 {[%clk 0:14:52]} Re6
{[%clk 0:15:34]} 25. Bg5 {[%clk 0:14:19]} Qa2 {[%clk 0:10:42]} 26. Rh2
{[%clk 0:12:18]} Rd5 {[%clk 0:10:03]} 27. Qb4 {[%clk 0:12:10]} c5
{[%clk 0:02:57]} 28. Qh4 {[%clk 0:11:44]} h6 {[%clk 0:03:11]} 29. Bxh6
{[%clk 0:11:45]} Qb3 {[%clk 0:01:52]} 30. Bd2 {[%clk 0:10:42]} Kxg7
{[%clk 0:02:15]} 31. Qh8+ {[%clk 0:11:05]} Kg6 {[%clk 0:02:44]} 32. Qh7# 1-0